000 00752cam a22002533a 4500
001 693
003 PGUSA
005 20140828082951.0
008 060121s2006||||xxu|||||s|||||000 1 eng d
040 _aPGUSA
_beng
042 _adc
050 4 _aPS
100 1 _aMitchell, S. Weir
_q(Silas Weir),
_d1829-1914
245 1 4 _aThe Autobiography of a Quack, and The Case of George Dedlow
_h[electronic resource] /
_cS. Weir Mitchell
260 _bProject Gutenberg,
_c2006
506 _aPublic domain in the USA.
516 _aElectronic text
653 _aSocial problems -- Fiction
653 _aPolitical fiction
653 _aDidactic fiction
830 0 _aProject Gutenberg
_v693
856 4 0 _uhttp://www.gutenberg.org/ebooks/693
942 _cEB
999 _c230044
_d230044